The hound of the baskervilles (Registro nro. 3069)

Detalles MARC
000 -Cabecera
Campo de control de longitud fija 00546aam a2200217 4500
005 - Fecha y hora de la última transacción
Campo de control 20250520180208.0
008 - Elementos de longitud fija--Información general
Campo de control de longitud fija 150625b xxu||||| |||| 00| 0 spa d
020 ## - International Standard Book Number
Número Internacional Estándar del Libro (ISBN) 9780140621976
041 ## - Idioma
Código de idioma Inglés
082 ## - Clasificación Decimal Dewey
Número de clasificación 891.63 D754h
100 ## - Entrada principal--Autor personal
Nombre personal Doyle, Arthur Conan
9 (RLIN) 11713
245 ## - Título propiamente dicho
Título The hound of the baskervilles
260 ## - Pie de imprenta
Lugar de publicación, distribución, etc. España
260 ## - Pie de imprenta
Nombre del editor, distribuidor, etc. Penguin Books
260 ## - Pie de imprenta
Fecha de publicación, distribución, etc. 1996
300 ## - Descripción física
Extensión 174 páginas
440 ## - Declaración de serie/asiento adicional--título
Título de la serie Aventuras de Sherlock Holmes
650 ## - Materia general
Temática (materia general) LITERATURA ESCOSESA
650 ## - Materia general
Temática (materia general) NOVELA ESCOSESA
942 ## - Punto de acceso adicional KOHA
Tipo de ítem KOHA Literatura
Fuente del sistema de clasificación o colocación Dewey Decimal Classification
Existencias
Signatura completa Código de barras Tipo de ítem
891.63 D754h 17801 Literatura